[Event "TCh-SUI National A 2012"]
[Site "Switzerland SUI"]
[Date "2012.09.23"]
[Round "7.2"]
[White "Hickl,J"]
[Black "Riff,JN"]
[Result "1/2-1/2"]
[WhiteElo "2561"]
[BlackElo "2509"]

1.g3 d5 2.Nf3 Nf6 3.Bg2 e6 4.O-O Be7 5.c4 O-O 6.b3 b6 7.Bb2 Bb7 8.e3 Nbd7
9.Qe2 a5 10.d3 a4 11.Nbd2 h6 12.Rfd1 axb3 13.axb3 Bb4 14.Nd4 c6 15.Rxa8 Qxa8
16.Ra1 Qb8 17.N2f3 Re8 18.Rc1 Bf8 19.Qc2 e5 20.Ne2 c5 21.Nd2 d4 22.e4 Bd6
23.Ra1 Qc7 24.Nb1 Ra8 25.Na3 Bc6 26.Bc1 Qd8 27.Qb2 Nf8 28.Bd2 Ne8 29.Bh3 Nc7
30.Nc1 Bd7 31.Bxd7 Qxd7 32.f3 f5 33.Nc2 Qc6 34.Ne1 fxe4 35.dxe4 Rxa1 36.Qxa1 Qa8
37.Qb2 Nd7 38.Ncd3 Qa6 39.Qc2 b5 40.cxb5 Qxb5 41.Nb2 Nb6 42.Ned3 Ne6 43.f4 exf4
44.gxf4 Qc6 45.e5 Be7 46.Ne1 Qd5 47.Qd3 Nf8 48.Nf3 g6 49.Kf2 Qf7 50.Kg3 Kg7
51.b4 Ne6 52.bxc5 Bxc5 53.Qb3 g5 54.fxg5 Nxg5 55.Qxf7+ Nxf7 56.Nd3 Ba3 57.Nxd4 Nc4
58.Bf4 Kg6 59.Kf3 Ng5+ 60.Bxg5 hxg5 61.Ke4 Nd2+ 62.Kd5 Nf1 63.h3 g4 64.h4 Kh5
65.e6 g3 66.Nc5 Ne3+ 67.Kd6 Bxc5+ 68.Kxc5 Ng4 69.Ne2 Kxh4  1/2-1/2

[Event "Baku Open 2012"]
[Site "Baku AZE"]
[Date "2012.09.24"]
[Round "3.4"]
[White "Yilmaz,M"]
[Black "Korobov,A"]
[Result "0-1"]
[WhiteElo "2537"]
[BlackElo "2705"]

1.Nf3 d5 2.g3 c6 3.Bg2 Bg4 4.c4 e6 5.cxd5 Bxf3 6.Bxf3 cxd5 7.O-O Nc6 8.d3 Nf6
9.Nc3 Bc5 10.Bd2 O-O 11.Bg2 Qe7 12.Qa4 Rac8 13.Rfc1 h6 14.a3 Rfd8 15.Qd1 a6
16.Na4 Ba7 17.b4 Nd7 18.Ra2 b5 19.Rac2 Qd6 20.Nc3 Nf6 21.e3 Qd7 22.Ne2 e5
23.Qf1 Rc7 24.Bh3 Qd6 25.Bc3 Bb6 26.Bb2 h5 27.Qd1 Ne7 28.Rxc7 Bxc7 29.Rc2 Bb8
30.Nc1 h4 31.Nb3 hxg3 32.hxg3 Re8 33.Na5 Nh7 34.Qh5 g6 35.Qh6 Qf6 36.Bg2 Ng5
37.f4 Ne6 38.Bh3 d4 39.exd4 exf4 40.d5 Nd4 41.Rf2 Nxd5 42.Nc6 Qxc6 43.Bxd4 Be5
44.Bc5 fxg3 45.Rf1 Qc7 46.Bg2 Nf4 47.Be4 g2 48.Rf3 Bd4+  0-1

[Event "30th Balaton IM"]
[Site "Heviz HUN"]
[Date "2012.09.24"]
[Round "2.4"]
[White "Pirisi,G"]
[Black "Csonka,B"]
[Result "1/2-1/2"]
[WhiteElo "2268"]
[BlackElo "2287"]

1.Nf3 d5 2.g3 c6 3.Bg2 Nf6 4.O-O Bg4 5.d3 Nbd7 6.c4 e6 7.cxd5 cxd5 8.Nc3 Be7
9.h3 Bh5 10.e4 O-O 11.Qe2 Nc5 12.e5 Nfd7 13.b4 Na6 14.b5 Nc7 15.Rb1 a6  1/2-1/2

[Event "30th Balaton GM"]
[Site "Heviz HUN"]
[Date "2012.09.24"]
[Round "2.1"]
[White "Popovics,A"]
[Black "Hoelzl,F"]
[Result "1/2-1/2"]
[WhiteElo "2423"]
[BlackElo "2321"]

1.Nf3 d5 2.g3 g6 3.Bg2 Bg7 4.O-O e5 5.d3 Ne7 6.Nbd2 O-O 7.a3 a5 8.c4 Nbc6
9.cxd5 Nxd5 10.Ne4 f5 11.Bg5 Nde7 12.Nc5 h6 13.Qb3+ Kh7 14.Nxb7 Bxb7 15.Bxe7 Nxe7
16.Qxb7 Rb8 17.Qa6 Rxb2 18.Qxa5 Rxe2 19.Rac1 c6 20.Qxd8 Rxd8 21.Rfe1 Rxe1+
22.Rxe1 Rxd3  1/2-1/2

[Event "TCh-VIE 2012"]
[Site "Ho Chi Minh City VIE"]
[Date "2012.09.24"]
[Round "5.8"]
[White "Nguyen Manh Truong"]
[Black "Tran Anh Tri"]
[Result "1/2-1/2"]
[WhiteElo "2130"]
[BlackElo "2305"]

1.Nf3 d5 2.g3 Nf6 3.Bg2 Bf5 4.O-O e6 5.c4 c6 6.cxd5 exd5 7.d4 Be7 8.Nc3 h6
9.Qb3 Qb6 10.Qxb6 axb6 11.Ne5 b5 12.b3 O-O 13.h3 Bh7 14.f4 b4 15.Na4 Be4
16.Bd2 Bxg2 17.Kxg2 Ne4 18.Be1 Na6 19.Rc1 Rfe8 20.Rc2 f6 21.Nd3 Bf8 22.h4 f5
23.Nac5 Naxc5 24.dxc5 Nc3 25.Bxc3 bxc3 26.b4 d4 27.Rb1 Ra4 28.Rb3 Rea8 29.Nc1 g6
30.e3 Bg7 31.exd4 Bxd4 32.Ne2 Bf6 33.Nxc3 Ra3 34.Rxa3 Rxa3 35.Nb1 Rd3 36.Rf2 Kf7
37.Rf3 Rd1 38.Rb3 Ke6 39.Kf3 Kd5 40.Ke2 Rg1 41.Nd2 Rg2+ 42.Kd1 g5 43.Rd3+ Ke6
44.hxg5 hxg5 45.fxg5 Bxg5 46.Nf3 Bf6 47.a3 Ke7 48.Re3+ Kf7 49.Ne1 Rh2 50.Rd3 Ke7
51.Rd2 Rh3 52.Re2+ Kf7 53.Rg2 Be5 54.Nf3 Bf6 55.Ng1 Rh8 56.Kc2 Rg8 57.Ne2 Be5
58.a4 Ke6 59.Rf2 Rg4 60.Nf4+ Bxf4 61.gxf4 Kd5 62.Rd2+ Kc4 63.Rd7 Kxb4 64.Rxb7+ Kxc5
65.a5 Rxf4 66.a6 Ra4 67.Rf7 Rxa6 68.Rxf5+ Kb4 69.Rf4+  1/2-1/2

[Event "TCh-VIE 2012"]
[Site "Ho Chi Minh City VIE"]
[Date "2012.09.24"]
[Round "6.26"]
[White "Nguyen,Cong Tai"]
[Black "Nguyen,Quoc Ky"]
[Result "1-0"]
[WhiteElo "1783"]
[BlackElo "1608"]

1.Nf3 d5 2.g3 Nf6 3.Bg2 e6 4.O-O Be7 5.d3 O-O 6.Nbd2 c5 7.c4 Nc6 8.Rb1 Qc7
9.a3 b6 10.Ne1 Bb7 11.Nc2 Rfd8 12.b4 dxc4 13.Nxc4 cxb4 14.axb4 Rac8 15.Bf4 Qd7
16.b5 Nb8 17.Ne5 Qc7 18.Nc6 Bd6 19.Nxd8 Bxg2 20.Bxd6 Qxd6 21.Kxg2 Rxd8 22.Ne3 Nd5
23.Nxd5 Qxd5+ 24.e4 Qxd3 25.Qxd3 Rxd3 26.Rfd1 Rd7 27.Ra1 Kf8 28.Rxd7 Nxd7
29.Rxa7 Ke8 30.Rc7 e5 31.f4 f6 32.Kf3 Ke7 33.Rc6 Kf7 34.f5 g6 35.g4  1-0

[Event "US Chess League 2012"]
[Site "ICC INT"]
[Date "2012.09.24"]
[Round "4"]
[White "Mikhailuk,S"]
[Black "Paikidze,N"]
[Result "1-0"]
[WhiteElo "2424"]
[BlackElo "2394"]

1.Nf3 d5 2.g3 Nf6 3.Bg2 c6 4.O-O Bf5 5.d3 e6 6.Nfd2 Bg6 7.e4 Nbd7 8.f4 dxe4
9.dxe4 Bc5+ 10.Kh1 O-O 11.Qe2 Qe7 12.Nc3 Bb4 13.Nd1 Bxd2 14.Bxd2 Bh5 15.Qe3 Qc5
16.Qxc5 Nxc5 17.Nf2 Rfd8 18.Be3 Na4 19.h3 Be2 20.Rfe1 Ba6 21.Nd1 b5 22.b3 Nb6
23.Nb2 Bb7 24.a4 Nc8 25.Nd3 Nd7 26.e5 bxa4 27.Rxa4 Ncb6 28.Ra5 Nd5 29.Bxa7 Ne7
30.b4 Nb8 31.Rea1 Nd7 32.Kh2 Nd5 33.c4 Ne7 34.Bc5 Nf5 35.g4 Nh4 36.Be4 Rxa5
37.Rxa5 f5 38.Bh1 Nf8 39.Bd6 fxg4 40.hxg4 h5 41.Kg3 Nhg6 42.Ra7 h4+ 43.Kh3 Ra8
44.Rxa8 Bxa8 45.f5 Nh8 46.c5 Nf7 47.b5 Nd8 48.Be7  1-0

[Event "US Chess League 2012"]
[Site "ICC INT"]
[Date "2012.09.24"]
[Round "4"]
[White "Altounian,L"]
[Black "Mandiza,F"]
[Result "1/2-1/2"]
[WhiteElo "2438"]
[BlackElo "2390"]

1.Nf3 d5 2.g3 Nf6 3.Bg2 Bf5 4.c4 c6 5.Qb3 Qb6 6.cxd5 Qxb3 7.axb3 Nxd5 8.d3 Nb4
9.Na3 Be6 10.Bd2 N8a6 11.Nd4 Bg4 12.h3 Bd7 13.f4 e6 14.Kf2 Bc5 15.Be3 Nd5
16.Bxd5 exd5 17.Nac2 O-O 18.Nf3 Bd6 19.Ra5 f6 20.h4 Rfe8 21.Rha1 Re7 22.Bd2 Rae8
23.Re1 Bh3 24.b4 Bc7 25.Ra3 Bb6+ 26.e3 Nc7 27.Nfd4 a6 28.Bc3 h5 29.Raa1 Ba7
30.Rac1 Bd7 31.Nb3 Nb5 32.Ncd4 Nd6 33.Nc5 Bc8 34.Ra1 Nf7 35.Nf3 Nh6 36.Nh2 Nf5
37.Bd2 Bb6 38.Nf3 Nh6 39.Nh2 Bf5 40.Ra3 Bc8 41.Raa1 Kh7 42.Rac1 Kg6 43.Ra1 Kf5
44.Rac1 Ba7 45.Ra1 Kg6 46.Rac1 Bf5 47.Rc3 Bb6 48.Ra3 Kf7 49.Na4 Ba7 50.Nc5 Bb6
51.Na4 Ba7 52.Nc5 Bc8 53.Raa1 Kg6 54.Ra3 Kf7  1/2-1/2

[Event "US Chess League 2012"]
[Site "ICC INT"]
[Date "2012.09.24"]
[Round "4"]
[White "Khachiyan,M"]
[Black "Erenburg,S"]
[Result "0-1"]
[WhiteElo "2473"]
[BlackElo "2629"]

1.Nf3 d5 2.g3 c6 3.Bg2 Bg4 4.O-O Nf6 5.c4 e6 6.Qb3 Qb6 7.d4 Nbd7 8.Nc3 Be7
9.c5 Qxb3 10.axb3 O-O 11.b4 a6 12.Bf4 h6 13.h3 Bf5 14.g4 Bh7 15.Nd2 Rfe8
16.Bg3 Rac8 17.Nb3 Bd8 18.f4 Ne4 19.Bxe4 Bxe4 20.Na5 Bxa5 21.bxa5 f5 22.Bh4 Rc7
23.Kf2 Nf8 24.Bg3 Rf7 25.e3 Nd7 26.g5 e5 27.gxh6 exd4 28.exd4 gxh6 29.Bh4 Nf8
30.Rg1+ Kh7 31.Rae1 Ng6 32.Bg3 Rg7 33.Nb1 Nf8 34.Nd2 Ne6 35.Nxe4 dxe4 36.Rd1 Reg8
37.d5 Nxc5 38.dxc6 Nd3+ 39.Rxd3 exd3 40.cxb7 Rxb7 41.Rd1 Rxb2+ 42.Kf3 Rd8
43.Bh4 Rd5 44.Bf6 Rb3 45.h4 Kg6 46.Be5 Rxa5 47.h5+ Kf7 48.Rg1 Rd5 49.Rg7+ Kf8
50.Rg1 d2+ 51.Ke2 d1=Q+  0-1

[Event "TCh-SRB Prem w 2012"]
[Site "Valjevo SRB"]
[Date "2012.09.24"]
[Round "8.5"]
[White "Chelushkina,I"]
[Black "Nestorovic,I"]
[Result "1-0"]
[WhiteElo "2260"]
[BlackElo "2026"]

1.g3 d5 2.Nf3 c6 3.Bg2 Bg4 4.d4 Nd7 5.Nc3 Ngf6 6.Ne5 Nxe5 7.dxe5 Nd7 8.Qd4 Bf5
9.e4 dxe4 10.Be3 Qa5 11.O-O-O Rd8 12.Bxe4 Bxe4 13.Qxe4 e6 14.Bg5 f6 15.Bf4 f5
16.Qc4 Kf7 17.Bg5 Nxe5 18.Bxd8 Nxc4 19.Bxa5 Nxa5 20.Rd7+ Kf6 21.a3 c5 22.f4 Be7
23.Rhd1 a6 24.Ne2 Rc8 25.Ng1 b5 26.Ra7 Rc6 27.Rdd7  1-0

[Event "Vladivostok Russian Cup 2012"]
[Site "Vladivostok RUS"]
[Date "2012.09.25"]
[Round "9.8"]
[White "Gritsenko,An"]
[Black "Dreev,A"]
[Result "0-1"]
[WhiteElo "2422"]
[BlackElo "2677"]

1.Nf3 d5 2.g3 Bg4 3.Bg2 Nd7 4.c4 e6 5.O-O Ngf6 6.d4 c6 7.Nbd2 Be7 8.b3 O-O
9.Bb2 a5 10.a3 Qb6 11.Re1 Rfd8 12.c5 Qa7 13.b4 b6 14.Qc2 Bf5 15.Qc3 h6 16.Rec1 Rab8
17.Nb3 Ne4 18.Qe3 axb4 19.axb4 Qb7 20.Ba3 bxc5 21.dxc5 e5 22.b5 Qxb5 23.Nfd4 exd4
24.Nxd4 Qb7 25.Nxf5 Bg5 26.f4 Bf6 27.Ra2 Re8 28.Qd3 Qa7 29.Rac2 Qa4 30.Nd6 Rb3
31.Nxe8 Rxd3 32.exd3 Qd4+ 33.Kh1 Nf2+ 34.Rxf2 Qxf2 35.Nxf6+ Nxf6  0-1

[Event "Baku Open 2012"]
[Site "Baku AZE"]
[Date "2012.09.27"]
[Round "6.22"]
[White "Pantsulaia,L"]
[Black "Rzayev,B"]
[Result "1-0"]
[WhiteElo "2575"]
[BlackElo "2370"]

1.Nf3 d5 2.g3 c5 3.c4 d4 4.e3 Nc6 5.exd4 cxd4 6.d3 e5 7.Bg2 Nf6 8.O-O Be7
9.a3 a5 10.Bg5 Nd7 11.Bxe7 Qxe7 12.Nbd2 O-O 13.Re1 Nc5 14.Nb3 Nxb3 15.Qxb3 Qc7
16.Ng5 a4 17.Qc2 h6 18.Ne4 Ra5 19.Rab1 Nb8 20.Qe2 Na6 21.Nd2 f6 22.Bd5+ Kh8
23.Nf3 g5 24.h4 g4 25.Nh2 Qg7 26.Qd2 Rc5 27.b4 axb3 28.Rxb3 Rc7 29.Rb6 Bf5
30.Rxe5 fxe5 31.Rxh6+ Bh7 32.Be4 Qg8 33.Qe2 Rff7 34.Nxg4 Qf8 35.Bxh7 Rxh7
36.Qxe5+ Qg7 37.Rf6 Rc8 38.Qf5 Re8 39.Ne5 Qc7 40.Rf8+  1-0

[Event "30th Balaton Open"]
[Site "Heviz HUN"]
[Date "2012.09.27"]
[Round "5.9"]
[White "Stifter,Ewald"]
[Black "Kincs,I"]
[Result "1/2-1/2"]
[WhiteElo "2001"]
[BlackElo "2167"]

1.Nf3 d5 2.g3 Nf6 3.Bg2 Bg4 4.d4 e6 5.O-O Nbd7 6.Nbd2 Bd6 7.c3 h6 8.Re1 c5
9.e4 cxd4 10.exd5 dxc3 11.dxe6 Bxe6 12.bxc3 O-O 13.Nb3 Nb6 14.Be3 Rc8 15.Bd4 Ba3
16.Qe2 Re8 17.Qb5 Qd5 18.Re5 Qxb5 19.Rxb5 Bb2 20.Rb1 Bxc3 21.Bxb6 axb6 22.Rxb6 Bd5
23.Nfd4 Bxd4 24.Nxd4 Bxa2 25.Ra1 Nd5 26.Rxb7 Nc3 27.Bf3 Rc5 28.Ra7 Rd8 29.Ra8 Rxa8
30.Bxa8 g6 31.Kg2 Ra5 32.Bf3 Kg7 33.Nc6 Ra4 34.Rc1 Ne4 35.Ne5 h5 36.Rc2 Bd5
37.Re2 g5 38.Bxe4 Bxe4+ 39.f3 Ba8 40.Kf2 g4 41.fxg4 hxg4 42.Rc2 Bd5 43.Rd2 Be6
44.Ke3 f6 45.Nc6 Ra3+ 46.Rd3 Rxd3+ 47.Kxd3  1/2-1/2

[Event "34th Rashid Nezhmetdinov Cup"]
[Site "Kazan RUS"]
[Date "2012.09.27"]
[Round "2.9"]
[White "Yandemirov,V"]
[Black "Savchenko,B"]
[Result "0-1"]
[WhiteElo "2398"]
[BlackElo "2523"]

1.Nf3 d5 2.g3 Nf6 3.Bg2 Bf5 4.O-O e6 5.d3 Be7 6.b3 c5 7.Bb2 Qc7 8.Nbd2 Nc6
9.e4 Bg4 10.exd5 Nxd5 11.Qc1 f6 12.Nc4 O-O-O 13.Ne3 Nxe3 14.Qxe3 e5 15.c3 f5
16.b4 Rhe8 17.b5 Na5 18.h3 Bh5 19.Nxe5 Bf6 20.d4 Bxe5 21.dxe5 Qxe5 22.Qxe5 Rxe5
23.Rfe1 Re2 24.Rxe2 Bxe2 25.c4 g6 26.Re1 Bxc4 27.Bc3 b6 28.Re7 Bxb5 29.Rxa7 Nc6
30.Ra8+ Kc7 31.Rxd8 Nxd8 32.g4 Bc6 33.Bf1 fxg4 34.hxg4 Bf3 35.g5 Ne6 36.Bf6 Kc6
37.Kh2 b5 38.a3 b4 39.axb4 cxb4 40.Kg3 Bd5 41.f4 Nc5 42.f5 Ne4+ 43.Kf4 Nxf6
44.gxf6 g5+ 45.Kxg5 Kd6 46.Kh6 Ke5 47.Kg7 h5 48.Bd3 h4 49.f7 Bxf7 50.Kxf7 h3
51.f6 h2 52.Kg7 h1=Q 53.f7 Qb7 54.Bg6 Qe7 55.Bc2 Kd6 56.Bg6 Ke6 57.Kg8 Kf6
58.Bh5 Qe6  0-1

[Event "1st FIDE GP London 2012"]
[Site "London ENG"]
[Date "2012.09.27"]
[Round "6"]
[White "Nakamura,Hi"]
[Black "Wang Hao"]
[Result "0-1"]
[WhiteElo "2783"]
[BlackElo "2742"]

1.Nf3 d5 2.g3 Nf6 3.Bg2 g6 4.b3 Bg7 5.Bb2 c5 6.c4 d4 7.b4 O-O 8.d3 Nc6 9.b5 Nb8
10.O-O Ne8 11.Nbd2 Nd6 12.Nb3 Nd7 13.Qc2 a5 14.Rae1 e5 15.e3 dxe3 16.fxe3 Qc7
17.Nfd2 Re8 18.Bc3 a4 19.Nc1 Nb6 20.a3 Be6 21.e4 Red8 22.Rf2 Qd7 23.Nf3 f6
24.Bf1 Ne8 25.Bd2 Nc7 26.Be3 Qd6 27.Na2 Bf7 28.Nc3 Ne6 29.Nd2 Nd4 30.Qd1 Be6
31.Nd5 Rf8 32.Bg2 Rf7 33.Ref1 Nd7 34.Nb1 Bxd5 35.exd5 f5 36.g4 Raf8 37.Bc1 e4
38.dxe4 f4 39.g5 f3 40.Bxf3 Be5 41.Kh1 Bxh2 42.Rxh2 Nxf3 43.Rh3 Nde5 44.Nc3 Ng4
45.Nxa4 Nfh2 46.Rxf7 Rxf7 47.Qe2 Rf2  0-1

[Event "21st TCh-CRO 1a 2012"]
[Site "Sibenik CRO"]
[Date "2012.09.27"]
[Round "5.41"]
[White "Grachev,B"]
[Black "Sprenger,J"]
[Result "1/2-1/2"]
[WhiteElo "2672"]
[BlackElo "2498"]

1.Nf3 d5 2.g3 Nf6 3.Bg2 Bf5 4.O-O c6 5.d3 h6 6.c4 dxc4 7.dxc4 Qxd1 8.Rxd1 Nbd7
9.b4 e5 10.b5 Bc5 11.Bb2 O-O 12.Nbd2 Rfe8 13.Nb3 Bb6 14.Rac1 Be4 15.Nfd2 Bxg2
16.Kxg2 cxb5 17.cxb5 a6 18.bxa6 Rxa6 19.a3 Bd8 20.Rc8 Be7 21.Rxe8+ Nxe8 22.Nc4 Nef6
23.Rb1 Re6 24.a4 Ne4 25.f3 Nef6 26.a5 Bd8 27.Ba3 Rc6 28.Nbd2 b6 29.a6 b5
30.a7 Ra6 31.Rxb5 Rxa7 32.Bb2 e4 33.fxe4 Ne8 34.Bd4 Ra8 35.Rb7 Nf8 36.h4 Ne6
37.e3 Bc7 38.e5 Rb8 39.Rxb8 Bxb8 40.Kf3 Bc7 41.Ke4 h5 42.Kd5 g5 43.Nd6 N8g7
44.N2e4 gxh4 45.Nf6+ Kf8 46.gxh4 Ba5 47.Bb2 Bb4 48.Kc4 Bxd6 49.exd6 Nf5 50.Ba3 Nxe3+
51.Kd3 Ng2 52.d7+ Kg7 53.Ne8+ Kg6 54.Be7 Nxh4 55.Nc7 Nf3 56.Ke4 Nfd4 57.Nxe6 Nxe6
58.Ke5 Kg7 59.Kd6 Kg6 60.Ke5 Kg7 61.Bf6+ Kg6 62.Bh4 Kg7 63.Kd6 Kg6 64.Bf2 Kf6
65.Be1 Kg7 66.Ke7 Kg6 67.Bf2 Kf5 68.Kxf7 Nd8+ 69.Ke7 Nc6+ 70.Ke8 Kg4 71.Bb6 h4
72.Bc7 h3 73.Kf7 Kf3 74.Ke6 Kf2 75.Kd5 Nd8 76.Bxd8 h2 77.Bb6+ Ke2 78.d8=Q h1=Q+
79.Kc4 Qc6+ 80.Kb4 Qe4+ 81.Ka5 Qf5+ 82.Kb4 Qb1+ 83.Kc4 Qc2+ 84.Kd5 Qf5+ 85.Kc6 Qe6+
86.Kc7 Qe5+ 87.Kb7 Qe4+ 88.Kb8 Qf4+ 89.Ka7 Qf7+ 90.Bc7 Qc4 91.Qe8+ Kd3 92.Qg6+ Qe4
93.Qa6+ Qc4 94.Qg6+ Qe4 95.Qxe4+ Kxe4  1/2-1/2

[Event "21st TCh-CRO 1a 2012"]
[Site "Sibenik CRO"]
[Date "2012.09.27"]
[Round "5.22"]
[White "Ruck,R1"]
[Black "Postny,E"]
[Result "1/2-1/2"]
[WhiteElo "2567"]
[BlackElo "2637"]

1.Nf3 d5 2.g3 Nf6 3.Bg2 c6 4.O-O Bf5 5.b3 e6 6.Bb2 h6 7.c4 Be7 8.d3 O-O 9.Nbd2 a5
10.a3 Bh7 11.Qc2 Nbd7 12.Ne5 Nxe5 13.Bxe5 Nd7 14.Bc3 Bf6 15.b4 Bxc3 16.Qxc3 Qf6  1/2-1/2

[Event "21st TCh-CRO 1a 2012"]
[Site "Sibenik CRO"]
[Date "2012.09.27"]
[Round "5.51"]
[White "Cvorovic,D"]
[Black "Movsesian,S"]
[Result "0-1"]
[WhiteElo "2443"]
[BlackElo "2705"]

1.Nf3 d5 2.g3 Bg4 3.d4 Bxf3 4.exf3 e6 5.Qd3 Nd7 6.Be3 Ne7 7.Bh3 c5 8.O-O Nc6
9.dxc5 Nxc5 10.Qa3 d4 11.Rd1 Nd7 12.Qb3 dxe3 13.Qxb7 exf2+ 14.Kh1 Rc8 15.Nc3 Qc7
16.Qa6 Be7 17.Nb5 Qb8 18.b4 Nb6 19.a3 O-O 20.Bf1 Rfd8 21.c4 Qa8 22.c5 Nxb4  0-1

[Event "FIDE WGP Ankara 2012"]
[Site "Ankara TUR"]
[Date "2012.09.28"]
[Round "11"]
[White "Ju Wenjun"]
[Black "Munguntuul,B"]
[Result "0-1"]
[WhiteElo "2528"]
[BlackElo "2434"]

1.Nf3 d5 2.g3 Nf6 3.Bg2 c6 4.O-O Bg4 5.c4 Nbd7 6.cxd5 cxd5 7.d3 e6 8.Nc3 Be7
9.Qb3 Qb6 10.Qxb6 Nxb6 11.Ne5 Bh5 12.h3 O-O 13.g4 Bg6 14.Be3 Nfd7 15.Nxd7 Nxd7
16.f4 f5 17.Nb5 Rac8 18.Bxa7 b6 19.gxf5 Bxf5 20.e4 dxe4 21.dxe4 Bg6 22.Rad1 Bc5+
23.Kh2 Nf6 24.Nd4 Rf7 25.e5 Rxa7 26.exf6 Bxd4 27.Rxd4 Rc2 28.Rb4 Rxa2 29.Rxb6 Be4
30.Rg1 Ra1 31.Rxe6 Rxg1 32.Kxg1 Bxg2 33.Re3 g6 34.Re7 Bxh3 35.Rg7+ Kf8 36.Rxh7 Bf5
37.Rb7 Be4 38.Re7 Bf5 39.Rb7 Rc4 40.b4 Rxf4 41.Kh2 Bb1 42.b5 Rxf6 43.b6 Be4
44.Rb8+ Kf7 45.Kg3 Rf3+ 46.Kg4 Rb3 47.Kf4 Bg2 48.Kg4 Rb4+ 49.Kg5 Bc6 50.Rc8 Rb5+
51.Kf4 g5+  0-1

[Event "Tatry Open 2012"]
[Site "Tatranske Zruby SVK"]
[Date "2012.09.28"]
[Round "7.10"]
[White "Petran,Pe"]
[Black "Sturc,J"]
[Result "1-0"]
[WhiteElo "2277"]
[BlackElo "2005"]

1.Nf3 d5 2.g3 Nf6 3.Bg2 c6 4.d3 Bg4 5.Nbd2 Nbd7 6.h3 Bxf3 7.Bxf3 e5 8.O-O Bd6
9.e4 O-O 10.b3 Nc5 11.Bb2 Qc7 12.Bg2 Rad8 13.exd5 cxd5 14.d4 exd4 15.Nf3 Ne6
16.Nxd4 Nxd4 17.Bxd4 Be5 18.Rc1 Bxd4 19.Qxd4 Qa5 20.a4 Rfe8 21.Rfd1 Re7 22.c4 Qb4
23.Qxa7 Qxb3 24.cxd5 Qa3 25.Qc5 Qxc5 26.Rxc5 Red7 27.Rb5 Ne8 28.a5 Nd6 29.Rc5 Kf8
30.Rdc1 Ke7 31.Kf1 Ra8 32.Ke2 Ra6 33.Rb1 Kd8 34.Rbc1 b6 35.axb6 Rxb6 36.R1c2 Rb3
37.R5c3 Rxc3 38.Rxc3 Ra7 39.Ke3 Ra4 40.g4 g5 41.Kd3 Kd7 42.Bf3 h6 43.Bd1 Rf4
44.Ra3 Ke7 45.Ke2 Re4+ 46.Kf1 Rd4 47.Bf3 Nc4 48.Ra6 Nd2+ 49.Ke2 Nxf3 50.Kxf3 Rxd5
51.Rxh6 f6 52.Kg3 Rd3+ 53.f3 Kf7 54.h4 gxh4+ 55.Rxh4 Kg6 56.Rh5 Ra3 57.Rb5 Rc3
58.Rb4 Ra3 59.Kf4 Ra5 60.Rc4 Rb5 61.Rc3 Re5 62.Kg3 Ra5 63.f4 Ra6 64.Kh4 Kh6
65.Re3 Rb6 66.Re8 Rb4 67.f5 Kg7 68.Kh5 Kf7 69.Ra8 Rb7 70.Kh6 Rb4 71.Ra7+ Kg8
72.g5 fxg5 73.Kg6 Kf8 74.f6 Rb8 75.Rh7  1-0

[Event "Tatry Open 2012"]
[Site "Tatranske Zruby SVK"]
[Date "2012.09.28"]
[Round "7.1"]
[White "Bezuch,M"]
[Black "Schwarz,Du"]
[Result "1-0"]
[WhiteElo "2291"]
[BlackElo "2305"]

1.Nf3 d5 2.g3 Nf6 3.Bg2 c6 4.h3 g6 5.d3 Bg7 6.O-O O-O 7.Nbd2 Nbd7 8.e4 dxe4
9.dxe4 Nc5 10.e5 Nd5 11.Nb3 Ne6 12.Qe2 Qc7 13.Re1 Rd8 14.a4 a5 15.c3 b6 16.Nfd4 Nxd4
17.Nxd4 Ba6 18.Qe4 Rac8 19.h4 c5 20.Nf3 Bb7 21.Qc4 h6 22.Qg4 h5 23.Qc4 Ra8
24.g4 e6 25.gxh5 gxh5 26.Bg5 Rd7 27.Qe2 Ne7 28.Bxe7 Rxe7 29.Ng5 Bxg2 30.Kxg2 Rd8
31.Rad1 Red7 32.Rxd7 Rxd7 33.Qxh5 Qc6+ 34.Qf3 Qxa4 35.Qa8+ Bf8 36.Re4 Qd1
37.Nf3 Rd3 38.Rg4+ Kh7 39.Ng5+ Kg8 40.Qe4 Bg7 41.h5 Rd7 42.h6  1-0

[Event "Tatry Open 2012"]
[Site "Tatranske Zruby SVK"]
[Date "2012.09.28"]
[Round "7.11"]
[White "Cambel,V"]
[Black "Prandstetter,E"]
[Result "0-1"]
[WhiteElo "2059"]
[BlackElo "2274"]

1.Nf3 d5 2.g3 Nf6 3.c4 e6 4.b3 Be7 5.Bg2 O-O 6.Bb2 c5 7.O-O Nc6 8.d4 dxc4
9.bxc4 cxd4 10.Nxd4 Nxd4 11.Qxd4 Qxd4 12.Bxd4 Nd7 13.Nd2 e5 14.Bc3 Rb8 15.Rfd1 f6
16.a4 Nc5 17.Ne4 Nxe4 18.Bxe4 Be6 19.Bd5 Kf7 20.Rab1 Rfc8 21.Bb4 b6 22.Rd2 Bxb4
23.Rxb4 Rc5 24.e4 Ke7 25.Kg2 Rbc8 26.f4 R8c7 27.Kf2 Bxd5 28.exd5 Kd6 29.fxe5+ fxe5
30.Rb5 Rxc4 31.a5 R7c5 32.Rxc5 Rxc5 33.axb6 axb6  0-1

[Event "21st TCh-CRO 1a 2012"]
[Site "Sibenik CRO"]
[Date "2012.09.29"]
[Round "7.16"]
[White "Saric,A"]
[Black "Loncar,R"]
[Result "1-0"]
[WhiteElo "2516"]
[BlackElo "2389"]

1.Nf3 d5 2.g3 c6 3.Bg2 Nf6 4.O-O Bf5 5.d3 h6 6.c4 e6 7.Nc3 Nbd7 8.cxd5 cxd5
9.e4 dxe4 10.dxe4 Bh7 11.e5 Ne4 12.Nd4 Nxc3 13.bxc3 Nc5 14.Ba3 Qb6 15.Qg4 Bg6
16.Nb3 Nxb3 17.Qa4+ Kd8 18.Rad1+ Kc8 19.Qe8+  1-0

[Event "21st TCh-CRO w 2012"]
[Site "Sibenik CRO"]
[Date "2012.09.29"]
[Round "8.11"]
[White "Kochetkova,J"]
[Black "Madl,I"]
[Result "1/2-1/2"]
[WhiteElo "2305"]
[BlackElo "2329"]

1.Nf3 d5 2.g3 c6 3.Bg2 Nf6 4.O-O Bg4 5.d3 Nbd7 6.h3 Bxf3 7.Bxf3 e5 8.e4 dxe4
9.dxe4 Bc5 10.Nd2 Qc7 11.Qe2 O-O 12.Bg2 Rfe8 13.Nf3 Rad8 14.Nh4 Bf8 15.Nf5 h6
16.g4 Nh7 17.h4 Nc5 18.f4 Ne6 19.fxe5 Qxe5 20.Kh1 Rd7 21.c3 Red8 22.Be3 Bc5
23.Bxc5 Nxc5 24.Nd4 Qe7 25.Nf5 Qe5 26.Nd4 Qe7 27.Nf5 Qe5  1/2-1/2

[Event "TCh-FIN SM 2012-13"]
[Site "Jyvaskyla FIN"]
[Date "2012.09.30"]
[Round "3.2"]
[White "Sklyarov,D"]
[Black "Samolins,V"]
[Result "1-0"]
[WhiteElo "2425"]
[BlackElo "2403"]

1.Nf3 d5 2.g3 Nf6 3.Bg2 c6 4.O-O Bg4 5.d4 Nbd7 6.Nbd2 e6 7.c3 Bd6 8.Re1 O-O
9.e4 dxe4 10.Nxe4 Nxe4 11.Rxe4 Bf5 12.Re1 h6 13.Qb3 Qc7 14.Nd2 e5 15.Ne4 Be6
16.Qc2 exd4 17.Nxd6 Qxd6 18.Bf4 Qc5 19.Rad1 Rfe8 20.Rxd4 Bf5 21.Rxe8+ Rxe8
22.Qd2 Ne5 23.b3 g5 24.Be3 Qe7 25.Qd1 c5 26.Rd5 Bg4 27.Qf1 b6 28.h3 Bh5 29.g4 Bg6
30.Bd2 Qf6 31.f4 gxf4 32.Qxf4 Qxf4 33.Bxf4 Nd3 34.Bxh6 Re1+ 35.Bf1 Ra1 36.Rd8+ Kh7
37.Bg5 Be4 38.Re8 f5 39.h4 Kg6 40.Re6+ Kh7 41.h5 Nf4 42.Re7+ Kg8 43.Rxe4 Nh3+
44.Kg2 Nxg5 45.Rf4 Rxa2+ 46.Kg1 fxg4 47.Rxg4 Kg7 48.Rxg5+ Kh6 49.Re5 Rc2
50.c4 Rc3 51.Be2 Rxb3 52.Re6+ Kg7 53.Re7+ Kf6 54.Rxa7 Rb2 55.Kf2 b5 56.cxb5 c4
57.Rb7 c3 58.Rc7 c2 59.h6  1-0

[Event "34th Rashid Nezhmetdinov Cup"]
[Site "Kazan RUS"]
[Date "2012.10.01"]
[Round "6.9"]
[White "Lintchevski,D"]
[Black "Yuzhakov,O"]
[Result "1-0"]
[WhiteElo "2554"]
[BlackElo "2325"]

1.Nf3 d5 2.g3 Nf6 3.Bg2 c6 4.c4 dxc4 5.O-O Nbd7 6.Qc2 Nb6 7.Na3 Qd5 8.Ne1 Qh5
9.Nxc4 Nxc4 10.Qxc4 Ng4 11.Nf3 Be6 12.Qa4 g6 13.d3 Bd7 14.Qb3 Rb8 15.h3 Nf6
16.Ng5 Be6 17.Bxc6+ Nd7 18.Bxd7+ Bxd7 19.Qxf7+ Kd8 20.Qd5  1-0

[Event "1st FIDE GP London 2012"]
[Site "London ENG"]
[Date "2012.10.01"]
[Round "9"]
[White "Ivanchuk,V"]
[Black "Topalov,V"]
[Result "0-1"]
[WhiteElo "2769"]
[BlackElo "2752"]

1.Nf3 d5 2.g3 Nf6 3.Bg2 g6 4.O-O Bg7 5.d3 O-O 6.Nc3 Nc6 7.e4 d4 8.Ne2 e5
9.c3 dxc3 10.bxc3 b6 11.Qc2 Qe7 12.a4 Rd8 13.Rd1 Ba6 14.c4 Na5 15.Ba3 Qe8
16.Bb4 Nc6 17.Bc3 Nd7 18.Nd2 Nc5 19.Nb3 Bc8 20.a5 Bg4 21.f3 Be6 22.h4 Qe7
23.Kh2 Rd7 24.Bh3 Rad8 25.axb6 Nxb3 26.bxc7 Nxa1 27.cxd8=Q+ Qxd8 28.Bxa1 Bxh3
29.Kxh3 Nb4 30.Qa4 Nxd3 31.Kh2 Nc5 32.Rxd7 Qxd7 33.Qxd7 Nxd7 34.Nc3 f5 35.Kg2 Kf7
36.Na4 h5 37.Kf2 Bf8 38.Ke2 Ke6 39.Bc3 Be7 40.Kd3 f4 41.Be1 fxg3 42.Bxg3 Nc5+
43.Nxc5+ Bxc5 44.Be1 a6 45.Ke2 Be7 46.f4 exf4 47.Kf3 Bd6 48.Ba5 Kd7 49.Bd2 Bc7
50.Bc3 Ke6 51.Bh8 Be5 52.Bxe5 Kxe5  0-1

[Event "77th ch-ESP 2012"]
[Site "San Agustin ESP"]
[Date "2012.10.01"]
[Round "3.5"]
[White "Alonso Rosell,A"]
[Black "Vega Gutierrez,S"]
[Result "1-0"]
[WhiteElo "2529"]
[BlackElo "2364"]

1.Nf3 d5 2.g3 c6 3.Bg2 Bg4 4.O-O Nd7 5.d3 e6 6.h3 Bh5 7.e4 Bd6 8.Qe1 dxe4
9.dxe4 Bxf3 10.Bxf3 Ngf6 11.Nd2 O-O 12.Bg2 b5 13.Nf3 Ne5 14.Nh4 Bc5 15.Kh1 Ng6
16.Nf3 e5 17.a4 a6 18.Qe2 Qc7 19.Bg5 Nd7 20.h4 Rfe8 21.Bh3 Ngf8 22.Rfd1 f6
23.Bd2 Rad8 24.axb5 axb5 25.b4 Ba7 26.c4 Ne6 27.c5 Ndf8 28.Be3 Rxd1+ 29.Qxd1 Bb8
30.Ra6 Nd8 31.Nd2 Qf7 32.Nb3 Qc4 33.Na5 Qxb4 34.Nxc6 Nxc6 35.Qd5+ Kh8 36.Rxc6 Qa5
37.Rb6 Bc7 38.Qf7 Qe1+ 39.Kh2  1-0

[Event "TCh-Belgrade Premier 2012"]
[Site "Belgrade SRB"]
[Date "2012.10.03"]
[Round "3.1"]
[White "Nenezic,M"]
[Black "Stamenkovic,A"]
[Result "1/2-1/2"]
[WhiteElo "2345"]
[BlackElo "2298"]

1.Nf3 d5 2.g3 Nf6 3.Bg2 c6 4.O-O Bf5 5.d3 e6 6.Nbd2 Nbd7 7.Re1 Be7 8.Nh4 Bg6
9.Nxg6 hxg6 10.e4 dxe4 11.dxe4 Ne5 12.Qe2 Qd4 13.Nb3 Qc4 14.Qxc4 Nxc4 15.Bf1 Ne5
16.Bg2 Nc4 17.h3 a5 18.a4 Nd7 19.Bf1 Nce5 20.Kg2 Nc5 21.Nxc5 Bxc5 22.Bd2 O-O
23.Red1 Rfd8 24.Be1 Bb6 25.f4 Nd7 26.Kf3 Nc5 27.b3 Rxd1 28.Rxd1 Rd8 29.Rxd8+ Bxd8
30.g4 Kf8 31.Bc3 Bc7 32.h4 f6 33.Bc4 Ke7 34.g5 Nd7 35.Bb2 Bd6 36.Kg4 Nb6
37.Bd3 Nd7 38.Kf3 Kf7 39.Bc4 Nb6 40.Bf1 Nd7 41.Bh3 Ke7 42.gxf6+ gxf6 43.f5 exf5
44.exf5 g5 45.hxg5 fxg5  1/2-1/2